000 01277nam0a2200361 4500
001 RU\NLR\bibl\137267
005 20250618043539.0
010 _a5-8149-0033-4
_9120
021 _aRU
_b2000-46364
_92135
035 _a(NLR Aleph) 000134461
090 _a768522
_c768522
100 _a20010126d2000 |||y0rusy50 ca
101 0 _arus
102 _aRU
105 _aa |||||||||
200 1 _aРасчет ударных импульсов в ступенчатых стержневых системах
_fО. Б. Малков
210 _aОмск
_cИзд-во ОмГТУ
_d2000
215 _a112 с.
_cил.
_d20
320 _aБиблиогр.: с. 110-111 (31 назв.)
606 0 _aСтержневые системы
_xРасчет на удар
_92202238
_3RU\NLR\auth\661323305
610 0 _aМашины ударного действия - расчет
610 0 _aСтержневые системы - расчет на прочность
675 _a624.072.2:531.66
_v3
_zrus
686 _a67
_2rugasnti
686 _a30.121
_2rubbk
686 _aН112.064
700 1 _aМалков
_bО. Б.
_4070
801 0 _aRU
_bRKP
_c20010126
_gPSBO
801 1 _aRU
_bRKP
_c20010126
801 2 _aRU
_bNLR
_c20010503
_grcr
942 _cBOOK
980 _aNB